• 首页
  • 本馆介绍
  • 公告通知
  • 最新文献
  • 馆藏检索
  • 电子资源
  • 读者导购
  • 参考咨询
  • 我的图书馆
  • 登录
  • 详细信息显示
  • 放入我的书架
  • 预约/预借图书
  • 作者相关作品
  • 分类相关作品
  • 丛书相关作品
  • 出版社相关作品

书目信息

  • 表格格式
  • 工作单格式
  • 卡片格式
题名:
这才是艺术
    
 
作者: 姜啸然 著
分册:   顾恺之
出版信息: 北京   人民美术出版社  2022
页数: 119页
开本: 25cm
丛书名:
单 册:
中图分类: J051
科图分类:
主题词: 艺术评论--世界
电子资源:
ISBN: 978-7-102-08917-1
000 00742nam0 2200229 450
001 2337924784
005 20231129103215.26
010    @a978-7-102-08917-1@dCNY38.00
100    @a20230828d2022 em y0chiy50 ea
101 0  @achi
102    @aCN@b110000
105    @aa z 000yy
200 1  @a这才是艺术@Azhe cai shi yi shu@i顾恺之@f姜啸然著
210    @a北京@c人民美术出版社@d2022
215    @a119页@d25cm
330    @a本书分大师小史、大师画院两篇,内容包括:“三绝”顾恺之、插画小王子、《洛神赋图画》《女史箴图》《烈女仁智图》等。
600  0 @a顾恺之@f(约345-约409)@x中国画@x绘画评论
606 0  @a艺术评论@y世界
690    @aJ051@v5
701  0 @a姜啸然@Ajiang xiao ran@4著
801  0 @aCN@b91MARC@c20230912
905    @aZUCC@dJ051@e13:3
    
    这才是艺术.顾恺之/姜啸然著.-北京:人民美术出版社,2022
    119页;25cm
    
    
    ISBN 978-7-102-08917-1:CNY38.00
    本书分大师小史、大师画院两篇,内容包括:“三绝”顾恺之、插画小王子、《洛神赋图画》《女史箴图》《烈女仁智图》等。
●
相关链接 在五车中查询图书 在当当中查询图书 在豆瓣中查询图书


正题名:这才是艺术     索取号:J051/13:3         预约/预借

序号 登录号 条形码 馆藏地/架位号 状态 备注
1 2001059493   2001059493   辽宁一、悦读混合/辽宁北配(第三批)/辽批239/ [索取号:J051/13:3] 在馆    
2 2001059494   2001059494   辽宁一、悦读混合/辽宁北配(第三批)/辽批239/ [索取号:J051/13:3] 在馆    
3 2001059495   2001059495   辽宁一、悦读混合/辽宁北配(第三批)/辽批239/ [索取号:J051/13:3] 在馆    
4 2001059496   2001059496   辽宁一、悦读混合/辽宁北配(第三批)/辽批239/ [索取号:J051/13:3] 在馆    
5 2001059497   2001059497   辽宁一、悦读混合/辽宁北配(第三批)/辽批239/ [索取号:J051/13:3] 在馆    
6 2001059498   2001059498   辽宁一、悦读混合/辽宁北配(第三批)/辽批239/ [索取号:J051/13:3] 在馆    
山东省滨州职业学院图书馆 欢迎您!
大连网信软件有限公司© 版权所有